000 00598nam a22002417a 4500
003 UA-OsUOA
001 26239
007 ta
008 20040524b un ||||| |||| 00| 0 ukr d
100 _aДеревянко А.П.
090 _a902
_bД36
942 _cBK
040 _aUA-OsUOA
_brus
_cUA-OsUOA
_dUA-OsUOA
245 _aОжившие древности
_bРассказы археолога
300 _a240 с.
955 _a0
041 _arus
080 _a902
260 _aМосква
_bМолодая гвардия
_c1986
044 _aRU
650 7 _2UDC
999 _c312555
_d312555